Game of Thrones Characters - Statistics

General Stats
  • This quiz has been taken 252 times
  • The average score is 30 of 35
Answer Stats
Hint Answer % Correct
Lannister Siblings Jaime
99%
Arya
98%
Stark Siblings (young) Robb
98%
Sansa
98%
Tyrion
98%
Cersei
97%
Robert
96%
Bran
95%
Baratheon Siblings (young) Joffrey
95%
Ned
95%
Greyjoy Siblings Theon
95%
Stark Siblings (old) Brandon
94%
Baratheon Siblings (old) Stannis
94%
Daenerys
93%
Samwell
93%
Margaery
90%
Renly
90%
Tommen
90%
Rickon
88%
Viserys
87%
Yara
87%
Tully Siblings Catelyn
86%
Myrcella
85%
Oberyn
85%
Tyrell Siblings Loras
83%
Lyanna
81%
Targaryen Siblings Rhaegar
79%
Lysa
76%
Benjen
75%
Edmure
74%
Jojen
74%
Reed Siblings Meera
69%
Tarly Siblings Dickon
68%
Martell Siblings Doran
65%
Elia
62%
No matching quizzes found
Score Distribution
Percent of People with Each Score
Percentile by Number Answered
Your Score History
You have not taken this quiz